000 01432nam a2200349 i 4500
003 EG-GICUC
005 20260422101622.0
008 260422s1913 fr fr|||| 000 0 fre d
040 _aEG-GiCUC
_bfre
_cEG-GiCUC
_dEG-GiCUC
_eRda
041 0 _afre
082 0 4 _221
_a343.5
_bGA . D
092 0 4 _221
099 _aLaw1 10 343.5 Ga . D 1 Ed - 1913
100 1 _aGarraud, R.
_eAuteur
245 _aTraité Théorique Et Pratique Du Droit Pénal Français,
_nTome Premier/
_cPar R. Garraud.
250 _aTroisième Édition :
_b Complètement revue et considérablement augmentée.
264 _a Paris :
_b Librairie De La Société Du Recueil Sirey, 22, Rue Soufflot, 5e,
_c1913.
300 _a813 page ;
_c 24 cm.
_billustration ;
336 _2rda contenu
_a texte
337 _2rda medias
_aOrdinateur
338 _2 transporteur rda
_a Ressource en ligne
500 _a Avocat A La Cour D'appel, Professeur De Droit Criminel A L'université De Lyon, Correspondant De L'institut.
500 _a La Première Édition De Cet Ouvrage A Été Couronnée Par L’académie Des Sciences Morales Et Politiques : Prix Wolowski.
504 _aComprend des références bibliographiques.
546 _aTexte en français
650 1 4 _aDroit pénal.
_2qrmak
651 1 _2qrmak
710 _a Recueil Sirey.
856 4 0 _uhttps://fll.law.cu.edu.eg/fulltext/bks/B10-10617.pdf
905 _a171
942 _2ddc
_cBK
_e21
_n0
999 _c72790
_d72790